000 00664nam a2200229Ia 4500
003 OSt
005 20220923214122.0
006 a|||||r|||| 00| 0
007 ta
008 220922b |||||||| |||| 00| 0 hin d
024 _a167,077
037 _cTextual
040 _aARTS
_cARTS
_bhin
041 _2hin
_ahin
082 _aO152:1J94x, J3
100 _aगर्ग, कमला देवी, संपा.
_9160191
245 0 _aबिहारी-वैभव
246 _aBihārī-vaibhava
260 _c1953
942 _hO152:1J94x, J3
_cTEXL
_2CC
999 _c321556
_d321556